| Tag |
First Indicator |
Second Indicator |
Subfields |
| LEADER |
00000cam a22000001a 4500 |
| 001 |
in00003302575 |
| 006 |
m d f |
| 007 |
cr bn mmmapmmp |
| 008 |
101207s2005 dcu o f000 0 eng d |
| 005 |
20260430152455.6 |
| 035 |
|
|
|a cis2007852160
|
| 040 |
|
|
|a ProQuest
|c ProQuest
|d UtOrBLW
|
| 043 |
|
|
|a n-us---
|
| 099 |
|
|
|a CRS-2005-RSI-0679
|
| 110 |
2 |
|
|a Library of Congress.
|b Congressional Research Service.
|
| 245 |
1 |
0 |
|a Energy Efficiency and Renewable Energy Legislation in the 109th Congress.
|
| 264 |
|
1 |
|a [Place of publication not identified] :
|b [publisher not identified],
|c 2005.
|
| 300 |
|
|
|a 1 online resource.
|
| 336 |
|
|
|a text
|b txt
|2 rdacontent
|
| 337 |
|
|
|a computer
|b c
|2 rdamedia
|
| 338 |
|
|
|a online resource
|b cr
|2 rdacarrier
|
| 500 |
|
|
|a Record is based on bibliographic data in ProQuest U.S. Congressional Research Digital Collection (last viewed Dec. 2010). Reuse except for individual research requires license from ProQuest, LLC.
|
| 500 |
|
|
|a CRS Report.
|
| 520 |
|
|
|a Examines various energy efficiency and renewable energy legislative proposals and issues in the 109th Congress. Covers various renewable energy resources and technologies, including solar, wind, geothermal, biofuel, hydrogen fuel cell, and hydropower resources. Also reviews various tax incentives and credits proposed for energy conservation and renewable energy projects.
|
| 500 |
|
|
|a Electronic resource.
|
| 650 |
|
0 |
|a Power resources
|x Law and legislation.
|
| 650 |
|
0 |
|a Pollution.
|
| 650 |
|
0 |
|a Fuel.
|
| 655 |
|
7 |
|a Electronic books.
|2 local
|
| 710 |
2 |
|
|a ProQuest (Firm)
|
| 776 |
0 |
8 |
|i Microfiche version:
|a Library of Congress. Congressional Research Service.
|t Energy Efficiency and Renewable Energy Legislation in the 109th Congress
|
| 830 |
|
0 |
|a U.S. Congressional Research.
|
| 856 |
4 |
0 |
|u http://proxy.library.tamu.edu/login?url=https://congressional.proquest.com/congcomp/getdoc?CRDC-ID=CRS-2005-RSI-0679
|z Connect to the full text of this electronic book
|t 0
|
| 999 |
|
|
|a MARS
|
| 999 |
f |
f |
|s a94b54bd-19c5-3ccf-b7c5-76bdd57ff1b7
|i 8345985d-ce34-30cd-9c0d-8ded4904c39c
|t 0
|
| 952 |
f |
f |
|a Texas A&M University
|b College Station
|c Electronic Resources
|s www_evans
|d Available Online
|t 0
|e CRS-2005-RSI-0679
|h Other scheme
|
| 998 |
f |
f |
|a CRS-2005-RSI-0679
|t 0
|l Available Online
|